A New approach for predicting oxygen content in butadiene storage tank of synthetic rubber plant (Record no. 53412)

MARC details
000 -LEADER
fixed length control field 00461nam a2200157Ia 4500
100 ## - MAIN ENTRY--AUTHOR NAME
Personal name Demircan N
245 #2 - TITLE STATEMENT
Title A New approach for predicting oxygen content in butadiene storage tank of synthetic rubber plant
260 ## - PUBLICATION, DISTRIBUTION, ETC. (IMPRINT)
Name of publisher Kautschuk Gummi Kunststoffe
Year of publication 2011
300 ## - PHYSICAL DESCRIPTION
Number of Pages 52-55
650 ## - SUBJECT ADDED ENTRY--TOPICAL TERM
Topical Term Butadiene
650 ## - SUBJECT ADDED ENTRY--TOPICAL TERM
Topical Term Mathematical modeling
650 ## - SUBJECT ADDED ENTRY--TOPICAL TERM
Topical Term Oxygen content
700 ## - ADDED ENTRY--PERSONAL NAME
Personal name Demirhan E
942 ## - ADDED ENTRY ELEMENTS (KOHA)
Koha item type Journals
Holdings
Withdrawn status Lost status Damaged status Not for loan Home library Current library Shelving location Date acquired Serial Enumeration / chronology Koha item type
      Journals RRII Library RRII Library Rubber technology 04/08/2011 Volume 64, Issue 6 Journals